Application of Laser Welding in Car Bodies Manufacturing; IOP Conference Series: Materials Science and Engineering; Vol. 731 : Advanced Materials for Engineering and Medicine (AMEM-2019)
| Parent link: | IOP Conference Series: Materials Science and Engineering Vol. 731 : Advanced Materials for Engineering and Medicine (AMEM-2019).— 2020.— [012005, 6 p.] |
|---|---|
| مؤلف مشترك: | |
| مؤلفون آخرون: | , , , , |
| الملخص: | Title screen The paper deals with a problem of laser welding of zinc-coated steel (DX53D+Z and DX54D+Z) plates. Experiments were carried out with the use of steel plates 0.8; 1.0; 1.3; and 1.75 mm thick. High power 2.5-2.9 kW CO[2] laser was employed. CO[2] was used as the shielded gas. The optimal parameters of welding for material under study were determined. The mechanical properties of welded joints were measured through the tensile loading and microhardness measurement. Tensile performances of the specimens fabricated at different welding rate and laser beam power were compared with that of the base material. |
| اللغة: | الإنجليزية |
| منشور في: |
2020
|
| الموضوعات: | |
| الوصول للمادة أونلاين: | http://dx.doi.org/10.1088/1757-899X/731/1/012005 http://earchive.tpu.ru/handle/11683/58055 |
| التنسيق: | MixedMaterials الكتروني فصل الكتاب |
| KOHA link: | https://koha.lib.tpu.ru/cgi-bin/koha/opac-detail.pl?biblionumber=661938 |
MARC
| LEADER | 00000naa2a2200000 4500 | ||
|---|---|---|---|
| 001 | 661938 | ||
| 005 | 20260202134123.0 | ||
| 035 | |a (RuTPU)RU\TPU\network\33025 | ||
| 035 | |a RU\TPU\network\33024 | ||
| 090 | |a 661938 | ||
| 100 | |a 20200323d2020 k||y0rusy50 ba | ||
| 101 | 0 | |a eng | |
| 102 | |a GB | ||
| 135 | |a vrcn ---uucaa | ||
| 181 | 0 | |a i | |
| 182 | 0 | |a b | |
| 200 | 1 | |a Application of Laser Welding in Car Bodies Manufacturing |f J. Vinas, J. Brezinova, J. Brezina [et al.] | |
| 203 | |a Text |c electronic | ||
| 300 | |a Title screen | ||
| 320 | |a [References: 18 tit.] | ||
| 330 | |a The paper deals with a problem of laser welding of zinc-coated steel (DX53D+Z and DX54D+Z) plates. Experiments were carried out with the use of steel plates 0.8; 1.0; 1.3; and 1.75 mm thick. High power 2.5-2.9 kW CO[2] laser was employed. CO[2] was used as the shielded gas. The optimal parameters of welding for material under study were determined. The mechanical properties of welded joints were measured through the tensile loading and microhardness measurement. Tensile performances of the specimens fabricated at different welding rate and laser beam power were compared with that of the base material. | ||
| 461 | 1 | |0 (RuTPU)RU\TPU\network\2008 |t IOP Conference Series: Materials Science and Engineering | |
| 463 | 1 | |0 (RuTPU)RU\TPU\network\33020 |t Vol. 731 : Advanced Materials for Engineering and Medicine (AMEM-2019) |o International science and technology conference for youth, 30 September-5 October 2019, Tomsk, Russian Federation |o [proceedings] |v [012005, 6 p.] |d 2020 | |
| 610 | 1 | |a электронный ресурс | |
| 610 | 1 | |a труды учёных ТПУ | |
| 610 | 1 | |a лазерная сварка | |
| 610 | 1 | |a производство | |
| 610 | 1 | |a кузова | |
| 610 | 1 | |a автомобили | |
| 610 | 1 | |a механические свойства | |
| 610 | 1 | |a сварные соединения | |
| 610 | 1 | |a нагрузки | |
| 610 | 1 | |a микротвердость | |
| 610 | 1 | |a растяжение | |
| 701 | 1 | |a Vinas |b J. | |
| 701 | 1 | |a Brezinova |b J. | |
| 701 | 1 | |a Brezina |b J. | |
| 701 | 1 | |a Maruschak |b P. | |
| 701 | 1 | |a Panin |b S. V. |c specialist in the field of material science |c Professor of Tomsk Polytechnic University, Doctor of technical sciences |f 1971- |g Sergey Viktorovich |3 (RuTPU)RU\TPU\pers\32910 |9 16758 | |
| 712 | 0 | 2 | |a Национальный исследовательский Томский политехнический университет |b Инженерная школа новых производственных технологий |b Отделение материаловедения |3 (RuTPU)RU\TPU\col\23508 |
| 801 | 1 | |a RU |b 63413507 |c 20150101 |g RCR | |
| 801 | 2 | |a RU |b 63413507 |c 20200325 |g RCR | |
| 856 | 4 | |u http://dx.doi.org/10.1088/1757-899X/731/1/012005 | |
| 856 | 4 | |u http://earchive.tpu.ru/handle/11683/58055 | |
| 942 | |c CF | ||